Statistiken für Musiker aus Niedersachsen

Klicken Sie hier um das Quiz zu spielen!

Allgemein

  • Dieses Quiz wurde 101 mal gespielt
  • Das Durchschnittsergebnis liegt bei 7 aus 25

Antwortstatistiken

SongsMusiker/Band% Korrekt
Hyper Hyper | How Much Is The Fish?Scooter
79%
Satellite | Taken By A StrangerLena Meyer-Landrut
76%
Wind Of Change | Rock You Like A HurricaneScorpions
76%
Wie schön du bist | VincentSarah Connor
70%
Da Da Da ich lieb dich nicht du liebst mich nicht aha aha aha | Anna – Lassmichrein LassmichrausTrio
53%
Willst du | Du bist schönAlligatoah
44%
Sugar | Sun Goes DownRobin Schulz
43%
Schönste Zeit | Der letzte TanzBosse
38%
Augen auf! | LabyrinthOomph!
36%
Won't Forget These Days | Time To WonderFury in the Slaughterhouse
30%
Der Junge mit der Mundharmonika | Der kleine PrinzBernd Clüver
25%
Open Your Eyes | Lords Of The BoardsGuano Apes
24%
Vayamos compañeros | El temperamentoMarquess
23%
Lass die Musik an | Du schreibst GeschichteMadsen
21%
30 Grad | WhatsapperMC Fitti
19%
Stamp On The Ground | Summer AirItalobrothers
14%
Zum Laichen und Sterben ziehen die Lachse den Fluss hinauf | ZugvögelThees Uhlmann
11%
Zuhause | Alles was ich habFynn Kliemann
9%
Xanny | KopfvillaSierra Kidd
9%
Gäa | Vergiss mein nichtOonagh
8%
Ich trau mich nicht | Was ich nicht habApeCrime
7%
Du hast mich einmal zu oft angesehen | Ich wär’ so gern wie duBernhard Brink
7%
Supergirl | Wicked GamesAnna Naklab
3%
Marina | Baby TwistWill Brandes
1%
Regen | PonyhofEnno Bunger
0%

Verteilung der Resultate

Perzentil nach korrekt beantworteten Fragen

Anzahl Personen mit jedem Resultat

Ihre Resultats-Entwicklung

Sie haben dieses Quiz noch nicht gespielt